[Event "It"]
[Site "Antalya TUR"]
[Date "2001.04.04"]
[Round "4"]
[White "Olcayoz,A"]
[Black "Skembris,S"]
[Result "1/2-1/2"]
[WhiteElo "2339"]
[BlackElo "2440"]

1.Nf3 Nf6 2.c4 e6 3.d4 Bb4+ 4.Bd2 Qe7 5.g3 O-O 6.Bg2 Bxd2+ 7.Nbxd2 d6 8.O-O e5
9.e4 a5 10.b3 Bg4 11.Qc2 Nc6 12.d5 Bxf3 13.dxc6 Bxg2 14.cxb7 Bxf1 15.bxa8=Q Rxa8
16.Nxf1 Nd7 17.Ne3 Nc5 18.Nd5 Qd8 19.Kg2 c6 20.Ne3 Ne6 21.Qc3 g6 22.Rd1 h5
23.c5 Nxc5 24.Qc2 Qc7 25.Nc4 Nb7 26.Qc3 Re8 27.Qe3 Kg7 28.Qa7 d5 29.Nxa5 Qxa5
30.Qxb7 d4 31.Qxc6 Re6 32.Qc2 Qa8 33.Rc1 Qa3 34.Rb1 Qa6 35.Rc1 d3 36.Qc4 d2
37.Rd1 Qxa2 38.Qd5 Qa3 39.Rxd2 Qb4 40.Rd3 Qe7 41.Qb5 h4 42.Rd5 Qf6 43.Qe2 Rb6
44.Qb2 Rb4 45.Qxe5 Qxe5 46.Rxe5 hxg3 47.hxg3 Rxb3  1/2-1/2

[Event "ch-PHI"]
[Site "Quezon City PHI"]
[Date "2001.04.04"]
[Round "3"]
[White "Sales,J"]
[Black "Torre,E"]
[Result "0-1"]
[WhiteElo "2328"]
[BlackElo "2546"]

1.d4 Nf6 2.Nf3 e6 3.c4 Bb4+ 4.Bd2 Qe7 5.Qc2 Bxd2+ 6.Nbxd2 d6 7.e4 e5 8.g3 Bg4
9.d5 a5 10.Bg2 Nbd7 11.O-O Nc5 12.b3 Bxf3 13.Bxf3 h5 14.a3 h4 15.b4 Ncd7
16.Rfc1 b6 17.Qa4 O-O 18.Qc2 Ra7 19.Nf1 Rfa8 20.Qc3 g6 21.Ne3 Kg7 22.Bg2 Qd8
23.Kh1 axb4 24.axb4 Ra2 25.Kg1 R8a4 26.Nc2 Qa8 27.Rxa2 Rxa2 28.Qb3 Qa7 29.Rf1 Nf8
30.h3 b5 31.g4 Qa4 32.Qxa4 bxa4 33.Rc1 N8d7 34.f3 Nb6 35.Bf1 Nfd7 36.Bd3 Rb2
37.Kf1 a3 38.Nxa3 Rb3 39.c5 Rxd3 40.cxb6 Rxf3+ 41.Kg2 Rg3+ 42.Kh2 cxb6 43.Nb5 Nf6
44.Nxd6 Nh7 45.Ne8+ Kf8 46.Nc7 Ke7 47.Nb5 Ng5 48.d6+ Kd7 49.Rc7+ Kd8 50.Na7 Nf3+  0-1

[Event "It"]
[Site "Antalya TUR"]
[Date "2001.04.05"]
[Round "6"]
[White "Kraidman,Y"]
[Black "Olcayoz,A"]
[Result "1-0"]
[WhiteElo "2334"]
[BlackElo "2339"]

1.d4 Nf6 2.c4 e6 3.Nf3 Bb4+ 4.Bd2 Qe7 5.e3 b6 6.Bd3 Bb7 7.O-O Bxd2 8.Nbxd2 d6
9.Qc2 Nbd7 10.b4 a5 11.a3 O-O 12.Rfc1 c5 13.bxc5 bxc5 14.Rab1 Bc6 15.Ne4 Rfc8
16.dxc5 Nxe4 17.Bxe4 Bxe4 18.Qxe4 Nxc5 19.Qd4 Rc6 20.Rb5 Rac8 21.Qd1 a4 22.Nd4 Ra6
23.Rcb1 Qd8 24.R1b4 g6 25.h3 Qf6 26.Rb8 Rxb8 27.Rxb8+ Kg7 28.Nb5 Qe5 29.Nc7 Rc6
30.Ne8+ Kh6 31.Qf3 Qa1+ 32.Kh2 Qe5+ 33.g3 Ne4 34.Qxf7 Qf5 35.Qg7+ Kg5 36.f4+  1-0

[Event "Dos Hermanas Internet KO"]
[Site "ICC INT"]
[Date "2001.04.06"]
[Round "1.2"]
[White "Fridman,D"]
[Black "Vlassov,N"]
[Result "0-1"]
[WhiteElo "2559"]
[BlackElo "2467"]

1.d4 Nf6 2.Nf3 e6 3.c4 Bb4+ 4.Bd2 a5 5.g3 Nc6 6.Bg2 d6 7.O-O e5 8.Bg5 exd4
9.Nxd4 Ne5 10.a3 Bc5 11.Nc3 Neg4 12.Nd5 h6 13.Bxf6 Nxf6 14.b4 Nxd5 15.bxc5 dxc5
16.cxd5 cxd4 17.Qxd4 O-O 18.Rfc1 Re8 19.Qc4 Re7 20.e4 b6 21.e5 Rxe5 22.d6 Rc5
23.dxc7 Qxc7 24.Qxc5 bxc5 25.Bxa8 Be6 26.Rc3 c4 27.Bg2 g5 28.Rac1 Qd6 29.Bf1 a4
30.Ra1 Qd4 31.Rac1 Qd6 32.Bxc4 Bxc4 33.Rxc4 Qxa3 34.Re1 Qb3 35.Rc8+ Kg7 36.Ra8 Qc3
37.Kf1 Qc4+ 38.Kg1 Qc3 39.Rf1 a3 40.Ra7 Qb2 41.Rc7 a2 42.Ra7 h5 43.Kg2 g4
44.h3 Kg6 45.hxg4 hxg4 46.Rd1 f6 47.Rf1 Qb1 48.Ra4 Kg5 49.Ra5+ f5 50.Rh1 Qb7+
51.Kh2 Qb1 52.Kg2 Qb7+ 53.Kg1 Qb1+ 54.Kh2 Qb2 55.Rf1 Qb1 56.Kg2 Qb7+ 57.Kg1 Qb1
58.Ra6 Qb2 59.Kh2 Qe2 60.Rxa2 Qxf1 61.Rb2 f4 62.gxf4+ Kxf4 63.Rb4+ Kf3 64.Rb3+ Kf4
65.Rb4+ Kg5 66.Rb2 Kh4 67.Ra2 Qe1 68.Rc2 Qe5+ 69.Kg1 Kh3 70.Kf1 Qb5+ 71.Ke1 Qb1+
72.Kd2 Qxc2+ 73.Kxc2 Kg2  0-1

[Event "TCh-EST"]
[Site "Parnu/Tallinn EST"]
[Date "2001.04.06"]
[Round "?"]
[White "Krupenski,Y"]
[Black "Rytshagov,M"]
[Result "1/2-1/2"]
[WhiteElo "2211"]
[BlackElo "2525"]

1.d4 Nf6 2.c4 e6 3.Nf3 Bb4+ 4.Bd2 Qe7 5.g3 Nc6 6.Nc3 O-O 7.Bg2 Na5 8.b3 b6
9.O-O Bb7 10.Qc2 Rac8 11.Rfe1 d5 12.cxd5 exd5  1/2-1/2

[Event "ch-PHI"]
[Site "Quezon City PHI"]
[Date "2001.04.06"]
[Round "5"]
[White "Villamayor,B"]
[Black "Antonio,R"]
[Result "1/2-1/2"]
[WhiteElo "2560"]
[BlackElo "2548"]

1.d4 Nf6 2.c4 e6 3.Nf3 Bb4+ 4.Bd2 Qe7 5.g3 Nc6 6.Bg2 Bxd2+ 7.Nbxd2 d6 8.O-O a5
9.e4 e5 10.d5 Nb8 11.Ne1 Bg4 12.f3 Bd7 13.Nd3 Na6 14.Qc2 O-O 15.Qc3 b6 16.Rae1 Ne8
17.b3 Nc5 18.a3 Nxd3 19.Qxd3 g6 20.f4 Nf6 21.f5  1/2-1/2

[Event "ch-UKR Women"]
[Site "Kramatorsk UKR"]
[Date "2001.04.07"]
[Round "12"]
[White "Alexandrova,O"]
[Black "Kalinina,V"]
[Result "1/2-1/2"]
[WhiteElo "2425"]
[BlackElo "2254"]

1.d4 Nf6 2.c4 e6 3.Nf3 Bb4+ 4.Bd2 Qe7 5.g3 Bxd2+ 6.Qxd2 d6 7.Nc3 O-O 8.Bg2 e5
9.O-O c6 10.dxe5 dxe5 11.Rfd1 Nbd7 12.Qd6 Qxd6 13.Rxd6 a5 14.Rad1 Re8 15.Na4 Rb8
16.c5 e4 17.Nd2 e3 18.fxe3 Rxe3 19.Nc4 Rxe2 20.Nab6 Nxb6 21.Rd8+ Re8 22.Rxe8+ Nxe8
23.Rd8 Bd7 24.Rxb8 Nxc4 25.Rd8 Ne5 26.Bh3 f5 27.Bxf5 Nf3+ 28.Kf2 Bxf5 29.Kxf3 Kf7
30.Rb8 Bb1 31.a4 Bc2 32.b4 axb4 33.a5 Bd3 34.Rxb7+ Ke6 35.Rxb4 Nc7 36.Rd4 Bb5
37.Ke4 Nd5 38.Rd2 Nc3+ 39.Kd4 Nd5 40.Rf2 Nc7 41.Rd2 Kf6 42.Rf2+ Ke7 43.Ke5 Ne6
44.Rc2 Ba6 45.Rc1 Bb5 46.Rc3 Ba6 47.h4 Bb5 48.g4 Ba6 49.Rc1  1/2-1/2

[Event "ch-CUB"]
[Site "Las Tunas CUB"]
[Date "2001.04.08"]
[Round "8"]
[White "Garcia Martinez,S"]
[Black "Quesada,R"]
[Result "1-0"]
[WhiteElo "2378"]
[BlackElo "2244"]

1.d4 Nf6 2.c4 e6 3.Nf3 Bb4+ 4.Bd2 Qe7 5.g3 O-O 6.Bg2 Bxd2+ 7.Nbxd2 d6 8.O-O e5
9.e4 a5 10.Qb3 Nc6 11.d5 Nb8 12.Qc3 Nbd7 13.Ne1 Nc5 14.Nc2 Bd7 15.b3 c6 16.dxc6 bxc6
17.a3 Rfb8 18.b4 Na4 19.Qb3 Nc5 20.Qc3 Na4 21.Qb3 Nc5 22.Qe3 Na4 23.Nb3 axb4
24.axb4 c5 25.b5 Be6 26.Nd2 Nd7 27.Qb3 Ndb6 28.Ne3 g6 29.f4 f6 30.f5 Bd7
31.Ra3 Bc8 32.Rfa1 Bb7 33.Rxa4 Nxa4 34.Rxa4 Rxa4 35.Qxa4 Ra8 36.Qd1 Qd8 37.Ndf1 Ra2
38.Qg4 Kg7 39.h4 Bc8 40.h5 g5 41.h6+ Kf8 42.Qd1 Bb7 43.Nd5 Kf7 44.b6 Kf8
45.Nfe3 Bxd5 46.Nxd5 Qa8 47.Kh2 Qa3 48.Nxf6 Ke7 49.Qd5  1-0

[Event "Solett Open"]
[Site "Skelleftea SWE"]
[Date "2001.04.10"]
[Round "1"]
[White "Schmitz,Ma"]
[Black "Gausel,E"]
[Result "0-1"]
[WhiteElo "2113"]
[BlackElo "2480"]

1.d4 Nf6 2.c4 e6 3.Nf3 Bb4+ 4.Bd2 a5 5.a3 Bxd2+ 6.Qxd2 d6 7.Nc3 Nbd7 8.e3 b6
9.Bd3 Bb7 10.Qc2 O-O 11.Ne4 Qe7 12.O-O c5 13.Nxf6+ Nxf6 14.Ng5 h6 15.Ne4 cxd4
16.exd4 d5 17.cxd5 Nxd5 18.Nc3 Rac8 19.Qd2 Rfd8 20.Nxd5 Rxd5 21.Rac1 Rcd8
22.Qe3 Rxd4 23.Bb1 Qd6 24.Qc3 Rd2 25.f3 Qf4 26.g3 Qg5 27.Rc2 Rxc2 28.Bxc2 h5
29.Rf2 Rc8 30.Qd3 g6 31.Bb3 h4 32.f4 Rc1+ 33.Bd1 Qc5 34.gxh4 Qc6 35.Kf1 Ba6
36.Qxa6 Rxd1+ 37.Ke2 Rd4 38.Kf1 Qh1+ 39.Ke2 Qe4+  0-1

[Event "FSIMA April"]
[Site "Budapest HUN"]
[Date "2001.04.13"]
[Round "7"]
[White "Nezar,M"]
[Black "Sinkovics,P"]
[Result "1-0"]
[WhiteElo "2292"]
[BlackElo "2317"]

1.d4 Nf6 2.c4 e6 3.Nf3 Bb4+ 4.Bd2 Qe7 5.Nc3 b6 6.Nb5 Bxd2+ 7.Nxd2 d6 8.e4 e5
9.d5 O-O 10.Be2 a6 11.Nc3 Nbd7 12.b4 Ne8 13.h4 g6 14.h5 f5 15.hxg6 hxg6 16.Qc2 a5
17.bxa5 Rxa5 18.Nb3 Ra8 19.Qd2 f4 20.O-O-O Kg7 21.Qd3 Nc5 22.Nxc5 bxc5 23.Rh2 Nf6
24.Rdh1 Bd7 25.g4 g5 26.Rh6 Rg8 27.Qh3 Kf7 28.f3 Qd8 29.Bd1 Qb8 30.Bb3 Rg7
31.Kc2 Qb4 32.Qf1 Ke7 33.R1h3 Rb8 34.Qh1 Qa5 35.Rh8 Be8 36.R3h6 Qb4 37.Qh3 Bg6
38.Rxb8 Qxb8 39.Rh8 Rg8 40.Rxg8 Qxg8 41.Qh6 Be8 42.a4 Bd7 43.a5 Kf7 44.a6 Qa8
45.Qxg5 Qxa6 46.Qh6 Ne8 47.g5 Ke7 48.Qh7+ Kd8 49.g6 Qa1 50.g7 Nxg7 51.Qxg7 Qh1
52.Qf8+  1-0

[Event "Zone 3.2a Playoff g25/10"]
[Site "Manila PHI"]
[Date "2001.04.24"]
[Round "1"]
[White "Dao Thien Hai"]
[Black "Adianto,U"]
[Result "1-0"]
[WhiteElo "2564"]
[BlackElo "2589"]

1.d4 Nf6 2.c4 e6 3.Nf3 Bb4+ 4.Bd2 Qe7 5.Nc3 Bxc3 6.Bxc3 d6 7.Qc2 Nbd7 8.g4 Nxg4
9.Rg1 f5 10.d5 Nc5 11.h3 Nf6 12.Nd4 O-O 13.dxe6 Bxe6 14.Nxf5 Bxf5 15.Qxf5 Rf7
16.Qc2 Nfe4 17.Bd4 Raf8 18.O-O-O Nxf2 19.Rd2 Nce4 20.Bg2 Nxd2 21.Bd5 Kh8
22.Kxd2 Rf6 23.Bxb7 Nxh3 24.Rh1 Re6 25.Qd3 Qg5+ 26.Kc2 Rh6 27.Rxh3 Rxh3 28.Qxh3 Qf4
29.Qd3 Re8 30.Bf3 Qg5 31.Bxa7 Qa5 32.Bd4 Qxa2 33.Bc6 Re7 34.e3 Qa6 35.Bb5 Qc8
36.Bc6 Qf8 37.b4 Rf7 38.Kb3 Rf2 39.Qe4 Rf7 40.Qh4 Qe7 41.Qh1 Qg5 42.Be4 h5
43.Bd3 Kg8 44.Qe4 Re7 45.Qh7+ Kf8 46.Bg6 Qh6 47.Qxh6 gxh6 48.Bxh5 Kg8 49.Ka4 c5
50.bxc5 dxc5 51.Bf6 Rxe3 52.Kb5 Re6 53.Bc3 Re3 54.Bd2 Re5 55.Bf3 h5 56.Bd5+ Kf8
57.Kxc5 h4 58.Kd6 Rh5 59.Bf4 h3 60.Bh2 Rf5 61.c5 Rf2 62.Bg3 Rd2 63.c6 h2
64.Bxh2 Rxh2 65.c7 Rc2 66.Bc6 Rd2+ 67.Ke5  1-0

[Event "It"]
[Site "Podlehnik SLO"]
[Date "2001.04.24"]
[Round "1"]
[White "Atalik,S"]
[Black "Krumpacnik,D"]
[Result "1-0"]
[WhiteElo "2537"]
[BlackElo "2371"]

1.d4 Nf6 2.c4 e6 3.Nf3 Bb4+ 4.Bd2 Qe7 5.g3 O-O 6.Bg2 d5 7.O-O Rd8 8.Qc2 Nc6
9.Bc3 dxc4 10.Nbd2 Na5 11.Ne5 Rb8 12.Rac1 Nd5 13.e4 Bxc3 14.bxc3 Nb6 15.Rfe1 f6
16.Nef3 c5 17.e5 f5 18.dxc5 Qxc5 19.g4 Nc6 20.gxf5 exf5 21.Nf1 Nd5 22.Qd2 Nde7
23.Qe2 Ng6 24.Rcd1 Re8 25.Ng5 Nce7 26.Qh5 h6 27.Bd5+ Kh8 28.Bf7 Nf4 29.Qh4 Neg6
30.Bxg6 Nxg6 31.Qh5 Qc6 32.Rd4 Kg8 33.Rxc4 Qxc4 34.Qxg6 Be6 35.Ne3 Qxc3 36.Qh7+ Kf8
37.Nxe6+ Rxe6 38.Rd1 Qxe5 39.Rd5 Qc7 40.Rxf5+ Ke8 41.Qg8+ Kd7 42.Qxg7+ Re7
43.Rd5+  1-0

[Event "It"]
[Site "Podlehnik SLO"]
[Date "2001.04.26"]
[Round "3"]
[White "Zheliandinov,V"]
[Black "Krumpacnik,D"]
[Result "1/2-1/2"]
[WhiteElo "2398"]
[BlackElo "2371"]

1.d4 Nf6 2.c4 e6 3.Nf3 Bb4+ 4.Bd2 Qe7 5.g3 O-O 6.Bg2 d5 7.Qc2 Ne4 8.O-O Nxd2
9.Nbxd2 c6 10.Rad1 f5 11.Ne5 Nd7 12.Nd3 Bd6 13.f4 Nf6 14.c5 Bc7 15.Nf3 Bd7
16.Nfe5 Be8 17.b4 a6 18.a4 Ne4 19.Rb1 Kh8 20.Rb3 g5 21.e3 Rg8 22.Nf2 Nxf2
23.Rxf2 Bxe5 24.dxe5 Bd7 25.Qc3 Rg7 26.Qd4 h5 27.fxg5  1/2-1/2

[Event "2nd ch-EUR Women"]
[Site "Warsaw POL"]
[Date "2001.04.26"]
[Round "5"]
[White "Kononenko,T"]
[Black "Olarasu,G"]
[Result "1/2-1/2"]
[WhiteElo "2361"]
[BlackElo "2290"]

1.d4 Nf6 2.c4 e6 3.Nf3 Bb4+ 4.Bd2 Qe7 5.g3 O-O 6.Bg2 Bxd2+ 7.Nbxd2 d6 8.e4 e5
9.d5 a5 10.O-O Na6 11.Ne1 Nc5 12.Qc2 Bd7 13.Nd3 Nxd3 14.Qxd3 Rfb8 15.Rfc1 Be8
16.b3 Nd7 17.a3 Nc5 18.Qc2 c6 19.b4 axb4 20.axb4 Rxa1 21.Rxa1 Na6 22.Qc3 cxd5
23.exd5 f5 24.Nb3 Rc8 25.Rc1 b6 26.Bf1 Qb7 27.Ra1 Bb5 28.Qf3 Bxc4 29.Bxc4 Rxc4
30.Qxf5 Nc7 31.Nd2 Rd4 32.Nf3 g6 33.Qd7 Rc4 34.Rd1 Qa8 35.Qxd6 Qf8 36.Qxf8+ Kxf8
37.Nxe5 Rxb4 38.d6 Ne6 39.Ra1 Rd4 40.Ra8+ Kg7 41.Ra7+ Kf6 42.f4 Nc5 43.Rxh7 Rxd6
44.Rf7+ Ke6 45.Rg7 Kf5 46.Kg2 Ne4 47.Nc4 Rc6 48.Ne3+ Kf6 49.Rb7 Nc3 50.g4 g5
51.f5 Ke5 52.Kf3 b5 53.Re7+ Kf6 54.Rd7 Ke5 55.Nc2 Rc4 56.Re7+ Kf6 57.Re6+ Kf7
58.Ne3 Rf4+ 59.Kg2 b4 60.h3 Rd4 61.Rb6 Re4 62.Rb7+ Kf6 63.Kf2  1/2-1/2

[Event "2nd ch-EUR Women"]
[Site "Warsaw POL"]
[Date "2001.04.27"]
[Round "6"]
[White "Ismailova,P"]
[Black "Iwaniuk,D"]
[Result "0-1"]
[WhiteElo "2140"]
[BlackElo "2266"]

1.d4 Nf6 2.c4 e6 3.Nf3 Bb4+ 4.Bd2 Qe7 5.a3 Bxd2+ 6.Nbxd2 d6 7.e3 e5 8.dxe5 dxe5
9.Qc2 O-O 10.Bd3 Re8 11.Rd1 g6 12.Ne4 Nxe4 13.Bxe4 c6 14.Qc3 f5 15.Bb1 e4
16.Nd4 Nd7 17.O-O Ne5 18.c5 a5 19.Ba2+ Kf8 20.Rd2 Qf6 21.Rfd1 Kg7 22.Bb1 Re7
23.Ne2 Be6 24.Nf4 Rae8 25.Rd4 Bf7 26.Rd6 Qh4 27.h3 Kg8 28.Bc2 Qg5 29.Kh1 Qh6
30.Rd8 Qg7 31.R1d4 g5 32.Ne2 Bh5 33.Ng3 Bg6 34.Qxa5 g4 35.hxg4 Nxg4 36.Bb3+ Kf8
37.Rxe8+ Rxe8 38.Qd2 f4 39.Nf1 fxe3 40.Nxe3 Qh6+ 41.Kg1 Qh2+ 42.Kf1 Bh5 43.Ke1 Qg1+
44.Nf1 e3 45.Rf4+ Kg7 46.Qd7+ Kh6 47.Qd6+ Bg6 48.Rf7 Re5 49.Qf8+ Kh5 50.Bd1 exf2+
51.Kd2 Rd5+ 52.Ke2 Qxg2 53.Rf3 Re5+ 54.Kd2 Qxf1 55.Kc1 Rd5  0-1

[Event "Bank Pocztowy Open A"]
[Site "Bydgoszcz POL"]
[Date "2001.04.29"]
[Round "3"]
[White "Eingorn,V"]
[Black "Bartel,Mat"]
[Result "1/2-1/2"]
[WhiteElo "2589"]
[BlackElo "2434"]

1.d4 Nf6 2.Nf3 e6 3.c4 Bb4+ 4.Bd2 Qe7 5.g3 Nc6 6.Nc3 Bxc3 7.Bxc3 Ne4 8.Qc2 Nxc3
9.Qxc3 Qb4 10.Rc1 a5 11.Bg2 d6 12.O-O Qxc3 13.Rxc3 O-O 14.Rd1 Rb8 15.Ne1 Bd7
16.e3 Nb4 17.a3 Na6 18.Nd3 a4 19.c5 d5 20.Bf1 Bb5 21.Ne5 Bxf1 22.Kxf1 Rfe8
23.Nd3 b5 24.cxb6 Rxb6 25.Rdc1 Ra8 26.Rc6 Rxc6 27.Rxc6 Kf8 28.Ke2 Ra7 29.Kd2 Nb8
30.Rc5 Nd7 31.Rc3 Nb6 32.Rc6 Nc4+ 33.Kc3 Ke7 34.Nb4 Kd7 35.Ra6 Rxa6 36.Nxa6 Kc6
37.e4 Nd6 38.exd5+ exd5 39.Nb4+ Kb5 40.Nxd5 Ne4+ 41.Kc2 Nxf2 42.b3 axb3+
43.Kxb3 Ne4 44.a4+ Kc6 45.Ne7+ Kb7 46.Kc4 c6 47.Kd3 Nd6 48.Ke3 f6 49.Kf4 Kb6
50.h4 Ka5 51.Nxc6+ Kxa4 52.Nd8 g6 53.Ne6 h6 54.Nf8 g5+ 55.Kg4 f5+ 56.Kf3 Kb5
57.Ne6 Kc4  1/2-1/2

[Event "2nd ch-EUR Women"]
[Site "Warsaw POL"]
[Date "2001.04.30"]
[Round "8"]
[White "Kludacz,M"]
[Black "Bashkite,V"]
[Result "1-0"]
[WhiteElo "2203"]
[BlackElo "2073"]

1.d4 Nf6 2.c4 e6 3.Nf3 Bb4+ 4.Bd2 Qe7 5.g3 O-O 6.Bg2 Bxd2+ 7.Qxd2 d6 8.Nc3 e5
9.d5 a5 10.O-O Na6 11.e4 Nc5 12.Ne1 Ng4 13.h3 Nh6 14.Nd3 Nxd3 15.Qxd3 f5
16.exf5 Bxf5 17.Qe2 Rae8 18.Ne4 Nf7 19.h4 b6 20.b3 Kh8 21.a3 Bxe4 22.Bxe4 Nh6
23.Qd3 g6 24.Kg2 Nf5 25.h5 Qg5 26.hxg6 Nh4+ 27.Kh3 Nxg6 28.Bxg6 hxg6 29.Kg2 Kg7
30.b4 axb4 31.axb4 Rf4 32.Ra7 Re7 33.Qe3 Rg4 34.Qxg5 Rxg5 35.c5 bxc5 36.bxc5 Kf6
37.f3 Rf5 38.g4 Rf4 39.g5+ Kf7 40.Rh1 dxc5 41.d6 Rd7 42.dxc7  1-0

[Event "Bank Pocztowy Open A"]
[Site "Bydgoszcz POL"]
[Date "2001.05.01"]
[Round "5"]
[White "Zontakh,A"]
[Black "Rashkovsky,N"]
[Result "1/2-1/2"]
[WhiteElo "2532"]
[BlackElo "2503"]

1.d4 Nf6 2.c4 e6 3.Nf3 Bb4+ 4.Bd2 Qe7 5.g3 Nc6 6.Nc3 d5 7.cxd5 exd5 8.Bg2 O-O
9.O-O Rd8 10.Rc1 h6 11.a3 Bxc3 12.Bxc3 Bf5 13.b4 a6 14.Bb2 Na7 15.Ne5 Nb5
16.Qb3 c6 17.a4 Nd6 18.f3 Nd7 19.e4 Be6 20.Nxd7 Qxd7 21.e5 Nc4 22.Rf2 a5
23.Bc3 axb4 24.Bxb4 b6 25.Ra1 Ra7 26.Bc3 Rda8 27.Bf1 c5 28.Bxc4 dxc4 29.Qxb6 cxd4
30.Qxd4 Qxd4 31.Bxd4 Rxa4 32.Rxa4 Rxa4 33.Rc2 Ra3 34.Kf2 Rd3 35.Bc5 g5 36.Ke2 Rd5
37.Bd6 Kh7 38.Rc3 h5 39.Ke3 Rb5 40.h4 gxh4 41.gxh4  1/2-1/2

[Event "Ivan Cvitanovic Mem"]
[Site "Split CRO"]
[Date "2001.05.04"]
[Round "7"]
[White "Horvath,Cs"]
[Black "Zaja,I"]
[Result "0-1"]
[WhiteElo "2508"]
[BlackElo "2482"]

1.d4 Nf6 2.c4 e6 3.Nf3 Bb4+ 4.Bd2 Qe7 5.g3 Nc6 6.Nc3 O-O 7.Bg2 Bxc3 8.Bxc3 Ne4
9.Qc2 f5 10.O-O d6 11.d5 Nd8 12.Bb4 e5 13.Nd2 a5 14.Ba3 Nc5 15.b3 f4 16.e3 Bf5
17.Qc3 Bd3 18.Rfe1 fxg3 19.fxg3 e4 20.Bxc5 dxc5 21.Bf1 Bxf1 22.Rxf1 Nf7 23.a4 Ng5
24.Qc2 Nh3+ 25.Kg2 Nf2 26.Rxf2 Rxf2+ 27.Kxf2 Qf6+ 28.Ke2 Qxa1 29.Qxe4 Qf6
30.Qf4 Qe7 31.e4 Re8 32.Kd3 b6 33.Qh4 Qe5 34.Qf4 Qd4+ 35.Kc2 Re7 36.Qf5 g6
37.Qg5 Qg7 38.h4 h6 39.Qe3 g5 40.hxg5 hxg5 41.Nf3 g4 42.Ng5 Qe5 43.Ne6 Rh7
44.Qf4 Qxf4 45.Nxf4 Rh3 46.Ne2 Rh2 47.Kd3 Rf2 48.e5 Rf3+ 49.Ke4 Kf7 50.Nf4 Rxg3
51.Ne6 Rxb3 52.Nxc7 g3 53.d6 g2 54.e6+ Kg7 55.Ne8+ Kg6  0-1

[Event "ch-LTU"]
[Site "Kaunas LTU"]
[Date "2001.05.13"]
[Round "4"]
[White "Krivousas,T"]
[Black "Kveinys,A"]
[Result "0-1"]
[WhiteElo "2131"]
[BlackElo "2533"]

1.d4 Nf6 2.c4 e6 3.Nf3 Bb4+ 4.Bd2 a5 5.g3 d6 6.Bg2 Nbd7 7.O-O e5 8.Nc3 O-O
9.a3 Bxc3 10.Bxc3 e4 11.Nd2 Re8 12.f3 e3 13.Nb3 a4 14.Nc1 d5 15.c5 Nf8 16.Nd3 h5
17.Ne5 Bf5 18.h3 N6h7 19.g4 Bg6 20.Be1 f6 21.Nd3 hxg4 22.fxg4 Be4 23.Nf4 Qd7
24.Kh2 Bxg2 25.Nxg2 Re4 26.Rf3 Rae8 27.Qd3 Ne6 28.Bc3 Nhg5 29.Rf5 c6 30.Nh4 Qc7+
31.Kg2 Nf4+ 32.Rxf4 Qxf4 33.Rf1 Nxh3  0-1

[Event "XXXVI Capablanca Mem Premier I"]
[Site "Havana CUB"]
[Date "2001.05.15"]
[Round "9"]
[White "Borges Mateos,J"]
[Black "Quezada,Y"]
[Result "1-0"]
[WhiteElo "2436"]
[BlackElo "2474"]

1.d4 Nf6 2.c4 e6 3.Nf3 Bb4+ 4.Bd2 Qe7 5.g3 O-O 6.Bg2 Bxd2+ 7.Qxd2 d6 8.Nc3 e5
9.O-O Nc6 10.Nd5 Qd8 11.Rfd1 Bg4 12.dxe5 dxe5 13.Qe3 Nd7 14.Rd2 Re8 15.Rad1 Qc8
16.h3 Bxf3 17.Qxf3 Nd4 18.Qa3 Nb6 19.Ne7+ Rxe7 20.Qxe7 Nxc4 21.e3 Nxd2 22.exd4 Nc4
23.Bd5 Nxb2 24.Rb1 Nd3 25.Qxf7+ Kh8 26.Qf3 c6 27.Be4 Nxf2 28.Qxf2 exd4 29.Kg2 Qd7
30.Rf1 Qd6 31.Qf7 Rd8 32.Qxb7 c5 33.Bd3 a5 34.Qe4 g6 35.Rf7 Rb8 36.a4 Rb2+
37.Kf3 Rb8 38.h4  1-0

[Event "XXVI Elekes Mem GM"]
[Site "Budapest HUN"]
[Date "2001.05.27"]
[Round "7"]
[White "Csom,I"]
[Black "Danner,G"]
[Result "1/2-1/2"]
[WhiteElo "2431"]
[BlackElo "2453"]

1.d4 Nf6 2.Nf3 e6 3.c4 Bb4+ 4.Bd2 Qe7 5.g3 Nc6 6.Bg2 Bxd2+ 7.Nbxd2 d6 8.O-O O-O
9.e4 e5 10.d5 Nb8  1/2-1/2

[Event "XXVI Elekes Mem IM"]
[Site "Budapest HUN"]
[Date "2001.05.29"]
[Round "9"]
[White "Lorincz,I"]
[Black "Orso,M"]
[Result "1/2-1/2"]
[WhiteElo "2350"]
[BlackElo "2386"]

1.d4 Nf6 2.c4 e6 3.Nf3 Bb4+ 4.Bd2 c5 5.Bxb4 cxb4 6.e3 O-O 7.Nbd2 d6 8.Be2 Re8
9.Qb3 a5 10.a3 Na6 11.axb4 Nxb4 12.O-O b6 13.Rfc1 Ba6 14.Bf1 Rc8 15.Ne1 e5
16.Nd3 Nc6 17.d5 e4 18.dxc6 exd3 19.Qa4 d5 20.b4 Bxc4 21.Nxc4 dxc4 22.Rxc4 Ne4
23.bxa5 b5 24.Qxb5 Nd6 25.Qa4 Nxc4 26.Qxc4 d2 27.Qa4 Re5 28.Rd1 Qxa5 29.Qxa5 Rxa5
30.Rxd2 Rc5 31.g3 R5xc6 32.h4 Kf8 33.Bh3 Rc2 34.Rd4 R8c7 35.Bf5 R2c5 36.Rf4 g6
37.Bd3 Ke7 38.Kg2 Rc3 39.Re4+ Kf6 40.Rd4 R7c6 41.Rf4+ Kg7 42.Rd4 R3c5 43.Be4 Rf6
44.Rd2 Re5 45.Bf3 h5 46.Bd1 Rb6 47.Be2 Rb4 48.Rc2 Kf6 49.Rc6+ Re6 50.Rc2 Reb6
51.Bf3 Rb2 52.Rc4 Rd6 53.Rf4+ Kg7 54.Ba8 Rf6 55.Bf3 Rxf4 56.gxf4 Kf6 57.Bd5 Rd2
58.Be4 Rd8 59.Kg3 Ke6 60.Kf3 Rb8 61.Kg3 Kd6 62.Bf3 Ke6 63.Be4 f5 64.Bc6 Kd6
65.Ba4 Kd5 66.Kf3 Rb1 67.Kg2 Kc4 68.Be8 Rb6 69.Bf7+ Kd3 70.Be8 Ke2 71.Bf7 Ke1
72.Kg1 Rb8 73.Kg2 Rb7 74.Be8 Rb8 75.Bf7 Rb2 76.Bxg6 Rxf2+ 77.Kg3 Ke2 78.Bxf5 Rf3+
79.Kg2 Rf2+ 80.Kg3 Rf1 81.Kg2 Rf2+ 82.Kg3 Kxe3 83.Bg6 Rf3+ 84.Kg2 Rxf4 85.Kh3 Rg4
86.Bxh5 Rg1 87.Be8 Kf4 88.h5 Rg3+ 89.Kh4 Re3 90.Bg6 Re1 91.Kh3 Rg1 92.Be8 Rg3+
93.Kh4 Re3 94.Bg6 Re1 95.Kh3 Kf3 96.Kh4 Rg1 97.Be8 Kf4 98.Kh3 Rh1+ 99.Kg2 Rd1
100.Bg6 Rd2+ 101.Kh3 Rb2 102.Be8 Rb3+ 103.Kh4 Rb1 104.Kh3 Rh1+ 105.Kg2 Rxh5
106.Bxh5  1/2-1/2

[Event "2nd IECC"]
[Site "Ohrid MKD"]
[Date "2001.06.01"]
[Round "1"]
[White "Konopka,M"]
[Black "Macieja,B"]
[Result "0-1"]
[WhiteElo "2507"]
[BlackElo "2608"]

1.d4 Nf6 2.Nf3 e6 3.c4 Bb4+ 4.Bd2 Qe7 5.g3 Nc6 6.Nc3 Bxc3 7.Bxc3 Ne4 8.Rc1 O-O
9.Bg2 d6 10.d5 Nd8 11.dxe6 Nxe6 12.O-O Bd7 13.e3 Nxc3 14.Rxc3 Bc6 15.Nd4 Bxg2
16.Kxg2 Rfe8 17.Nxe6 Qxe6 18.Qf3 b6 19.Rd1 Qe4 20.Qxe4 Rxe4 21.f3 Re5 22.g4 Rae8
23.e4 g6 24.Rd5 f5 25.Rxe5 Rxe5 26.exf5 Re2+ 27.Kg3 gxf5 28.b4 Rxa2 29.c5 dxc5
30.bxc5 b5 31.Rd3 fxg4 32.fxg4 b4 33.Rd8+ Kf7 34.Rd7+ Ke6 35.Rxh7 Ra3+ 36.Kh4 b3
37.Rxc7 a5 38.Rb7 a4 39.c6 Ra2 40.Rb4 Kd6 41.g5 Rxh2+ 42.Kg3 Rh1 43.Kg2 a3
44.Rxb3 a2 45.Rd3+ Ke5 46.Kxh1 a1=Q+ 47.Kg2 Qc1 48.Rg3 Qxc6+ 49.Kh2 Qg6 50.Kg2 Qe4+
51.Kh2 Qh4+ 52.Kg2 Kf4  0-1

[Event "2nd IECC"]
[Site "Ohrid MKD"]
[Date "2001.06.04"]
[Round "4"]
[White "Eljanov,P"]
[Black "Bogdanovski,V"]
[Result "1/2-1/2"]
[WhiteElo "2558"]
[BlackElo "2463"]

1.d4 Nf6 2.Nf3 e6 3.c4 Bb4+ 4.Bd2 c5 5.Bxb4 cxb4 6.Qd3 O-O 7.e4 d6 8.Nbd2 Nbd7
9.Be2 e5 10.O-O b6 11.Bd1 Bb7 12.Ba4 exd4 13.Bxd7 Nxd7 14.Nxd4 Nc5 15.Qe3 Qf6
16.f3 g6 17.Rfd1 Rfe8 18.Nf1 d5 19.cxd5 Bxd5 20.Qd2 Bb7 21.Qxb4 Rad8 22.Ne2 Nd3
23.Qc3 Qxc3 24.bxc3 f5 25.Neg3 fxe4 26.Nxe4 Bxe4 27.fxe4 Nc5 28.Ng3  1/2-1/2

[Event "ch-CRC"]
[Site "San Jose CRC"]
[Date "2001.06.05"]
[Round "9"]
[White "Bermudez,S"]
[Black "Charpentier,W"]
[Result "0-1"]
[WhiteElo "2168"]
[BlackElo "2236"]

1.d4 Nf6 2.c4 e6 3.Nf3 Bb4+ 4.Bd2 Qe7 5.Qc2 O-O 6.e3 b6 7.Bd3 Bb7 8.Nc3 d6
9.O-O-O Nbd7 10.Kb1 Rfc8 11.h4 Nf8 12.Rh3 e5 13.Bf5 Re8 14.g4 g6 15.g5 Nh5
16.Bg4 exd4 17.Nxd4 Bxc3 18.Bxc3 Be4 19.Rd3 c5 20.Ne2 d5 21.f3 Bxd3 22.Qxd3 Qxe3
23.f4 Qxd3+ 24.Rxd3 d4 25.Bd2 Ng7 26.Ng3 Re7 27.h5 gxh5 28.Bxh5 Nxh5 29.Nxh5 Nd7
30.Rg3 Re2 31.Kc1 Rh2 32.Nf6+ Nxf6 33.gxf6+ Kf8 34.f5 Re8 35.Kd1 Rh1+ 36.Kc2 Re2
37.b4 Rhh2 38.Rd3 Rxd2+  0-1

[Event "2nd IECC"]
[Site "Ohrid MKD"]
[Date "2001.06.09"]
[Round "8"]
[White "Bischoff,K"]
[Black "Baklan,V"]
[Result "1/2-1/2"]
[WhiteElo "2533"]
[BlackElo "2613"]

1.Nf3 Nf6 2.c4 e6 3.d4 Bb4+ 4.Bd2 a5 5.Nc3 O-O 6.e3 d5 7.Rc1 b6 8.cxd5 exd5
9.Bd3 Ba6 10.Bxa6 Rxa6 11.Qe2 c6 12.O-O Ra7 13.Rfd1 Re8 14.Be1 Bd6 15.Nd2 Rae7
16.Nf1 Re6 17.Qd3 Nbd7  1/2-1/2

[Event "2nd IECC"]
[Site "Ohrid MKD"]
[Date "2001.06.09"]
[Round "8"]
[White "Tregubov,P"]
[Black "Atalik,S"]
[Result "1-0"]
[WhiteElo "2628"]
[BlackElo "2537"]

1.d4 Nf6 2.c4 e6 3.Nf3 Bb4+ 4.Bd2 c5 5.Bxb4 cxb4 6.g3 O-O 7.Bg2 d6 8.O-O Nc6
9.Nbd2 Re8 10.Qc2 a5 11.Rfd1 Bd7 12.Rac1 h6 13.e3 Rc8 14.Ne4 Nxe4 15.Qxe4 Ne7
16.Qd3 Ba4 17.Re1 Qb6 18.e4 Ng6 19.h4 e5 20.b3 Bc6 21.Bh3 Rcd8 22.d5 Bd7
23.Bxd7 Rxd7 24.h5 Nf8 25.Nh4 Nh7 26.Nf5 Nf6 27.Qf3 Kh7 28.g4 Rc8 29.Kh1 Qd8
30.Qg3 g6 31.hxg6+ fxg6 32.Nh4 Rf7 33.Kg2 Nd7 34.Rh1 Rf4 35.Nf5 Qg5 36.Rxh6+ Kg8
37.Rxg6+ Qxg6 38.Ne7+ Kg7 39.Nxg6 Kxg6 40.Rh1 Nf6 41.f3 Kf7 42.Rh6 Kg8 43.g5  1-0

[Event "White Nights"]
[Site "St Petersburg RUS"]
[Date "2001.06.12"]
[Round "4"]
[White "Razuvajeva,J"]
[Black "Stotika,V"]
[Result "1/2-1/2"]
[WhiteElo "2146"]
[BlackElo "2310"]

1.d4 Nf6 2.c4 e6 3.Nf3 Bb4+ 4.Bd2 Qe7 5.Qc2 Bxd2+ 6.Nbxd2 d6 7.e4 e5 8.d5 b6
9.Bd3 Nh5 10.g3 O-O 11.Nh4 g6 12.O-O Nf4 13.Ndf3 Nxd3 14.Qxd3 a5 15.Qe3 Kg7
16.Nd2 Bh3 17.Rfe1 Nd7 18.b3 Nf6 19.f3 Nh5 20.a3 h6 21.Ng2 Bxg2 22.Kxg2 f5
23.exf5 Rxf5 24.Ne4 Raf8 25.Rf1 Nf6 26.b4 Nxe4 27.fxe4 Rxf1 28.Rxf1 Rxf1
29.Kxf1 axb4 30.axb4 Qf8+ 31.Kg2 Qa8 32.c5 Qa2+ 33.Kf3 bxc5 34.bxc5 Qxh2
35.cxd6 Qh1+ 36.Kf2 Qh2+ 37.Kf3  1/2-1/2